000 00566nam a2200181 i 4500
001 37305
003 ES-MaACL
005 20230906155537.0
007 t|
008 030220s1966 sp ||||1| spa d
100 1 _aButazzi, R.
_932932
245 1 0 _aManual del vendedor moderno /
_cR. Butazzi, F. Ubaldini ; traducido por Luis Alfonso Tarabini Castellani.
260 _aBilbao :
_bDeusto,
_c[1966]
300 _a342 p. ;
_c21 cm.
700 1 _aTarabini-Castellani, Luis Alfonso.
_9109256
700 1 _aUbaldini, F.
_9111822
852 _aES-MaACL
_jC-29779
_bR.60239
999 _c37305
_d37305